000 00775nam a22002417a 4500
003 UA-OsUOA
001 52932
007 ta
008 20150911b un ||||| |||| 00| 0 ukr d
100 _aКопотієнко І.
090 _a82-1
_bК65
942 _cBR
040 _aUA-OsUOA
_bukr
_cUA-OsUOA
_dUA-OsUOA
245 _aНас, українців, убивали лише за те, що ми брахіцефали
300 _a36 с.
955 _a3
041 _aukr
080 _a82-1
260 _aДніпропетровськ
_bПороги
_c2003
650 7 _a82 Література. Літературознавство
_2UDC
999 _c433059
_d433059